|
|
|
|
| LEADER |
00608nam a2200193 a 4500 |
| 001 |
000599536 |
| 003 |
CZ BrMZK |
| 005 |
20140916133255.0 |
| 007 |
ta |
| 008 |
020510s1958 pl abf f pol d |
| 040 |
|
|
|a BOA001
|b cze
|c BOA001
|
| 100 |
1 |
|
|a Frýd, Norbert,
|d 1913-1976
|7 jk01032074
|4 aut
|
| 245 |
1 |
0 |
|a Uśmiechnięta Gwatemala /
|c Norbert Frýd
|
| 250 |
|
|
|a Wyd. 1.
|
| 260 |
|
|
|a Warszawa :
|b Wiedza Powszechna,
|c 1958
|
| 300 |
|
|
|a 379 s., obr. příl. :
|b il., mp.
|
| 910 |
|
|
|a BOA001
|b 2-0398.419
|
| 990 |
|
|
|a BK
|
| 996 |
7 |
|
|b 2619131475
|c 2-0398.419
|l MZK
|r Sklad / do 24 hodin
|n 0
|w 000599536
|u 000010
|a 1
|e BOA001
|j MZK50
|s A
|